El Factor humano y el desarrollo /
Guardat en:
| Autor principal: | |
|---|---|
| Altres autors: | , , , , , |
| Format: | Text |
| Etiquetes: |
Afegir etiqueta
Sense etiquetes, Sigues el primer a etiquetar aquest registre!
|
MARC
| LEADER | 00000 a a2200000 04500 | ||
|---|---|---|---|
| 001 | 8879 | ||
| 003 | |||
| 040 | |||
| 100 | |a Obredor, Adalberto | ||
| 245 | |a El Factor humano y el desarrollo / |c Adalberto Obredor | ||
| 700 | |a Soto, Amalia | ||
| 700 | |a Vargas, Luisa | ||
| 700 | |a Jack, Daisy | ||
| 700 | |a Coronado, Marcia | ||
| 700 | |a Castilla, Eduardo | ||
| 700 | |a Moreno, Nubia | ||
| 773 | |g volumen 1, número 1; páginas 46-54 | ||
| 999 | |c 22202 |d 22202 | ||
